000 00506nam a2200169Ia 4500
008 140626s9999 xx 000 0 und d
100 _aLei, Jing.
245 _aBase-rate information in consumer attributions of product-harm crises /
_cJing Lei ... [et al.].
260 _cc2012.
300 _a49 : 3, page 336
440 _aJournal of Marketing Research
521 _aBSBA
650 _aBase-rate information.
650 _aConsumer attributions.
650 _aProduct-harm crises.
942 _cSE
999 _c121034
_d121034